| 000 | 00843nam a22002057a 4500 | ||
|---|---|---|---|
| 999 |
_c15267 _d15267 |
||
| 003 | OSt | ||
| 082 | _2631.75807 IND/PE | ||
| 088 | _aP 29 | ||
| 100 |
_aINDU G. NAIR _93924 |
||
| 245 | _aPerformance evaluation of pop-up sprinklers and development of a master control unit for irrigation | ||
| 260 |
_aTavanur 1993 _bDepartmentof land & Water Resources a Conservation Engineering |
||
| 300 | _a102 | ||
| 500 | _aPerformance evaluation of pop-up sprinklers and development of a master control unit for irrigation | ||
| 520 | _aPerformance evaluation of pop-up sprinklers and development of a master control unit for irrigation | ||
| 700 |
_aManoj P. Samuel _93925 |
||
| 700 |
_aSuma Nair _93926 |
||
| 700 |
_aEr. Xavier K. Jacob (Guide) _93902 |
||
| 856 | _uhttps://drive.google.com/open?id=1XiU9lZQgjAQeM2Sy73Cc5mkPe_AQDwq5 | ||
| 942 | _cPR | ||